LEADER 01751nam 2200373Ia 450 001 996397422703316 005 20200818211115.0 035 $a(CKB)4940000000055341 035 $a(EEBO)2240926750 035 $a(OCoLC)ocm11217292e 035 $a(OCoLC)11217292 035 $a(EXLCZ)994940000000055341 100 $a19841001d1674 uy | 101 0 $aeng 135 $aurbn||||a|bb| 200 10$aDeath triumphant, or, The most renowned, mighty, puissant and irresistible champion and conqueror general of the whole world, Death, described$b[electronic resource] $ewith a descripton [sic] of his notable fights and triumphant victories obtained against all creatures, especially against the sons and daughters of men : also his particular stratagems and numberous regiment of scknesses [sic] and diseases whereby he conquers and subdues mankind : lively set forth to the view of all men for their better preparation for the day of their death and dissolution out of this sinful life /$fby Andrew Jones 205 $aThe fifth edition. 210 $aLondon $cPrinted for Will. Thackeray ...$d1674 215 $a[21] p. $cill 300 $aIllustrated frontispiece. 300 $aReproduction of the original in the Harvard University Library. 330 $aeebo-0062 606 $aDeath 606 $aChristian life$xAnglican authors 615 0$aDeath. 615 0$aChristian life$xAnglican authors. 700 $aJones$b Andrew$0569681 801 0$bEAE 801 1$bEAE 801 2$bWaOLN 906 $aBOOK 912 $a996397422703316 996 $aDeath triumphant, or, The most renowned, mighty, puissant and irresistible champion and conqueror general of the whole world, Death, described$91889157 997 $aUNISA LEADER 01971nam 2200361 450 001 9910571701703321 005 20230505221131.0 035 $a(CKB)5860000000047579 035 $a(NjHacI)995860000000047579 035 $a(EXLCZ)995860000000047579 100 $a20230505d2019 uy 0 101 0 $aita 135 $aur||||||||||| 181 $ctxt$2rdacontent 182 $cc$2rdamedia 183 $acr$2rdacarrier 200 10$aMondo slavo e l'Europa $eContributi presentati al VI Congresso Italiano di Slavistica (Torino, 28-30 settembre 2016) /$fMaria Cristina Bragone 210 1$aFlorence :$cFirenze University Press,$d2019. 215 $a1 online resource (368 pages) 311 $a88-927-3039-8 330 $aThis volume, organised in thirty-two essays written by thirty-five among the most successful Italian scholars in the field of Slavic Studies, offers an extensive overview of the studies which have been conducted in Italy on Slavic literature, philology, linguistics, history and culture in recent years. Overall, the work highlights the great variety of paths and lines of research which shaped Italian Slavic Studies, and which are still being used for this field. This volume shows several realities of the Slavic countries in their multifaceted relations with other European cultures, and is addressed to researchers focusing only on Slavic Studies as well as to specialists from other fields who are interested in further investigating topics related to the close net of relationships between the Slavic world and the rest of Europe in the past and present. 517 $aMondo slavo e l?Europa 517 $aMondo slavo e l’Europa 606 $aSlavic languages 615 0$aSlavic languages. 676 $a491.8 700 $aBragone$b Maria Cristina$01346189 801 0$bNjHacI 801 1$bNjHacl 906 $aBOOK 912 $a9910571701703321 996 $aMondo slavo e l'Europa$93251459 997 $aUNINA LEADER 03543nam 2200697 a 450 001 9910790321103321 005 20200520144314.0 010 $a1-282-25430-8 010 $a9786613814951 010 $a0-85745-523-0 024 7 $a10.1515/9780857455239 035 $a(CKB)2670000000230734 035 $a(EBL)982095 035 $a(OCoLC)804662780 035 $a(SSID)ssj0000694859 035 $a(PQKBManifestationID)12314120 035 $a(PQKBTitleCode)TC0000694859 035 $a(PQKBWorkID)10686126 035 $a(PQKB)10737600 035 $a(Au-PeEL)EBL982095 035 $a(CaPaEBR)ebr10583757 035 $a(CaONFJC)MIL381495 035 $a(DE-B1597)637261 035 $a(DE-B1597)9780857455239 035 $a(MiAaPQ)EBC982095 035 $a(EXLCZ)992670000000230734 100 $a20120104d2012 uy 0 101 0 $aeng 135 $aur|n|---||||| 181 $ctxt 182 $cc 183 $acr 200 10$aAnyone$b[electronic resource] $ethe cosmopolitan subject of anthropology /$fNigel Rapport 210 $aNew York $cBerghahn Books$d2012 215 $a1 online resource (240 p.) 225 1 $aMethodology and history in anthropology ;$vv. 24 300 $aDescription based upon print version of record. 311 $a1-78238-526-6 311 $a0-85745-519-2 320 $aIncludes bibliographical references and index. 327 $aAnyone; Methodology and History in Anthropology; Contents; LIST OF FIGURES; Acknowledgements; Introduction - INTENT AND STRUCTURE; PART 1 - What are the meanings of cosmopolitanism, past, present and future?; COSMOPOLITANISM AND COSMOPOLIS: DEFINITIONS AND ISSUES; 1.1 - A HISTORY AND OVERVIEW; 1.2 - A COSMOPOLITAN PROJECT FOR ANTHROPOLOGY; PART 2 - Is Anyone a feature of everyday social life and exchange, a real presence?; 'MY NAME IS RICKEY HIRSCH': A LIFE IN SIX ACTS, WITH MARGINALIA AND A CODA 327 $aPART 3 - How is the individuality of Anyone to be accommodated by an objective science and acknowledged by a democratic society?ANYONE IN SCIENCE AND SOCIETY: EVIDENCING AND ENGAGING; 3.1 - PERSONAL TRUTH, SUBJECTIVITY AS TRUTH; 3.2 - GENERALITY, DISTORTION AND GRATUITOUSNESS; 3.3 - PUBLIC AND PRIVATE: CIVILITY AS POLITESSE; AFTERWORD: JEWISH COSMOPOLITANISM; References; Index 330 $aThe significance that people grant to their affiliations as members of nations, religions, classes, races, ethnicities and genders is evidence of the vital need for a cosmopolitan project that originates in the figure of Anyone - the universal and yet individual human being. Cosmopolitanism offers an alternative to multiculturalism, a different vision of identity, belonging, solidarity and justice, that avoids the seemingly intractable character of identity politics: it identifies samenesses of the human condition that underlie the surface differences of history, culture and society, nation, e 410 0$aMethodology and history in anthropology ;$vv. 24. 606 $aAnthropology$xPhilosophy 606 $aHuman behavior$xPhilosophy 606 $aCosmopolitanism 606 $aGlobalization$xSocial aspects 615 0$aAnthropology$xPhilosophy. 615 0$aHuman behavior$xPhilosophy. 615 0$aCosmopolitanism. 615 0$aGlobalization$xSocial aspects. 676 $a301.01 700 $aRapport$b Nigel$f1956-$0439281 801 0$bMiAaPQ 801 1$bMiAaPQ 801 2$bMiAaPQ 906 $aBOOK 912 $a9910790321103321 996 $aAnyone$93674852 997 $aUNINA